Random Dutch Words - Statistics

General Stats
  • This quiz has been taken 1,473 times
    1,325 since last reset
  • The average score is 14 of 20
Answer Stats
Hint Answer % Correct
April April
100%
Telefoon Phone
100%
Appel Apple
97%
Eten Eat
97%
Februari February
97%
Flamingo Flamingo
97%
December December
96%
Winter Winter
95%
Papier Paper
94%
Tijger Tiger
94%
Boek Book
93%
Vier Four
93%
Oranje Orange
93%
Ananas Pineapple
93%
Banaan Banana
92%
Vriend Friend
92%
Een One
92%
Zondag Sunday
92%
Januari January
91%
Juni June
91%
Morgen Tomorrow
91%
Nacht Night
90%
November November
90%
September September
90%
Arm Arm
89%
Zeven Seven
89%
Donderdag Thursday
89%
Dag Day
88%
Juli July
88%
Maandag Monday
88%
Chocolade Chocolate
87%
Oktober October
87%
Panda Panda
87%
Zaterdag Saturday
87%
Ja Yes
87%
Antwoord Answer
86%
Blauw Blue
86%
Brood Bread
86%
Bruin Brown
86%
Bril Glasses
86%
Muziek Music
86%
Klein Small
86%
Dinsdag Tuesday
86%
Twee Two
86%
Paard Horse
85%
Bibliotheek Library
85%
Werken Work
85%
Vrijdag Friday
84%
Zwemmen Swim
84%
Woord Word
84%
Acht Eight
83%
Middag Afternoon
82%
Lopen Walk
82%
Jaar Year
82%
Augustus August
81%
Flamingo Flamingo
81%
Negen Nine
81%
Woensdag Wednesday
81%
Koe Cow
80%
Groen Green
80%
Berg Mountain
80%
Drie Three
80%
Nee No
79%
Sok Sock
79%
Krokodil Crocodile
78%
Doen Do
77%
Land Country
76%
Alles Everything
76%
Eten Food
76%
Groep Group
76%
Rood Red
76%
Tien Ten
76%
Letter Letter
75%
Spin Spider
75%
Beer Bear
74%
Nederlands Dutch
74%
Avond Evening
74%
Gans Goose
74%
Spiegel Mirror
74%
Broek Pants
74%
Zee Sea
74%
Zwart Black
73%
Hart Heart
72%
Aardbei Strawberry
72%
Schrijven Write
72%
Groot Big
71%
Kleur Color
71%
Maken Make
71%
Deur Door
69%
Vijf Five
69%
Pannekoeken Pancakes
69%
Kleding Clothes
68%
Voetbal Soccer
68%
Doen Do
67%
Paddenstoel Mushroom
67%
Feest Party
67%
Zes Six
67%
Strand Beach
66%
Haar Hair
66%
Hoed Hat
66%
Maart March
66%
Neus Nose
66%
Schaap Sheep
66%
Liefde Love
65%
Geel Yellow
65%
Wortel Carrot
64%
Niets Nothing
64%
Plaats Place
64%
Kip Chicken
63%
Oog Eye
63%
Mei May
63%
Mooi Beautiful
62%
Varken Pig
62%
Zomer Summer
62%
Wit White
62%
Bos Forest
61%
Aap Monkey
61%
Denken Think
61%
Steen Stone
59%
Wereld World
59%
Ochtend Morning
57%
Leraar Teacher
57%
Zanger Singer
56%
Boom Tree
56%
Dier Animal
55%
Bioscoop Cinema
55%
Oor Ear
55%
Misschien Maybe
55%
Rug Back
54%
Verjaardag Birthday
54%
Maar But
53%
Leeuw Lion
53%
Kust Coast
52%
Jurk Dress
52%
Aardrijkskunde Geography
52%
Iets Something
52%
Geit Goat
51%
Spel Game
50%
Handdoek Towel
50%
Wiskunde Math
49%
Paars Purple
49%
Snoep Candy
48%
Natuurkunde Physics
48%
Teen Toe
48%
Herfst Autumn
47%
Eend Duck
47%
Been Leg
47%
Liedje Song
47%
Armband Bracelet
46%
Oorbel Earring
46%
Zoeken Search
46%
Lente Spring
45%
Vertalen Translate
45%
Vlinder Butterfly
44%
Geschiedenis History
44%
Dus So
44%
Gek Crazy
43%
Pop Doll
43%
Schaar Scissors
42%
Tekenen Draw
41%
Maand Month
41%
Rok Skirt
41%
Fles Bottle
40%
Woestijn Desert
40%
Scheikunde Chemistry
39%
Grappig Funny
39%
Sjaal Scarf
39%
Ketting Necklace
38%
Zin Sentence
38%
Praten Talk
38%
Getal Number
36%
Schilderij Painting
34%
Buik Stomach
33%
Raam Window
31%
Mier Ant
29%
Lelijk Ugly
28%
Werelddeel Continent
25%
Verfkwast Paintbrush
25%
Tekening Drawing
24%
Bewerken Edit
14%
No matching quizzes found
Score Distribution
Percent of People with Each Score
Percentile by Number Answered
Your Score History
You have not taken this quiz since the last reset